The role of IT in ESG and CSRD compliance – A perspective from small and medium-sized enterprises
| Main Author: | |
|---|---|
| Format: | Book part |
| Published: |
Budapesti Gazdaságtudományi Egyetem
Budapest, Magyarország
2026
|
| Series: | ESG - Risk Management or New Sustainability? VIII.BUEB International Sustainability Student ConferenceProceedings - Budapest University of Economics and Business 2025
|
| Subjects: | |
| doi: | 10.29180/978-615-6886-27-9_13 |
| Kulcsszavak: | CSRD Sustainability SME EU Sustainability Regulations |
| Online Access: | http://publikaciotar.uni-bge.hu/2643 |
MARC
| LEADER | 00000naa a2200000 i 4500 | ||
|---|---|---|---|
| 001 | publ2643 | ||
| 005 | 20260326123423.0 | ||
| 008 | 260326s2026 hu o 000 zxx d | ||
| 020 | |a 978-615-6886-27-9 | ||
| 024 | |a 10.29180/978-615-6886-27-9_13 |2 doi | ||
| 040 | |a BGE Publikációtár Repozitórium |b hun | ||
| 100 | 1 | |a Soltész Martina | |
| 245 | 1 | 4 | |a The role of IT in ESG and CSRD compliance – A perspective from small and medium-sized enterprises |c Soltész Martina |h [elektronikus dokumentum] |
| 260 | |a Budapesti Gazdaságtudományi Egyetem |b Budapest, Magyarország |c 2026 | ||
| 300 | |a 1-13 | ||
| 490 | 0 | |a ESG - Risk Management or New Sustainability? VIII.BUEB International Sustainability Student ConferenceProceedings - Budapest University of Economics and Business 2025 | |
| 650 | 4 | |a gazdálkodás- és szervezéstudományok | |
| 695 | |a CSRD | ||
| 695 | |a Sustainability | ||
| 695 | |a SME | ||
| 695 | |a EU Sustainability Regulations | ||
| 856 | 4 | 0 | |u https://publikaciotar.uni-bge.hu/id/eprint/2643/1/SUS%20Conference%20Proceedings%20-%20ESG%20Risk%20Managenemt_13.cikk.pdf |z Dokumentum-elérés |